Ciencia y conducta humana : una psicología científica /
Obra del norteamericano Burrhus Frederick Skinner (1904-1990), uno de los principales representantes del conductismo. Para Skinner el método experimental es el único criterio de cientificidad y el criterio objetivista es el paradigma de la indagación psicológica, que asume el comportamiento directam...
Guardado en:
| Autor principal: | |
|---|---|
| Otros autores: | |
| Formato: | Libro |
| Idioma: | Español |
| Publicado: |
Barcelona, España :
Fontanella,
1971, c1969
|
| Edición: | 2a edición |
| Colección: | (Conducta Humana ;
3) |
| Temas: | |
| Etiquetas: |
Sin etiquetas, Sé el primero en etiquetar este registro!
|
MARC
| LEADER | 00000nam^a2200000^a^4500 | ||
|---|---|---|---|
| 001 | 000138024 | ||
| 005 | 20250521000000.0 | ||
| 009 | 20260310095414.951 | ||
| 037 | |a Acervo ITESO - Biblioteca | ||
| 041 | |a ESP | ||
| 082 | |a 150. 19434 |b SKI | ||
| 100 | |a Skinner, Burrhus Frederic |e (autor) | ||
| 240 | 1 | 1 | |a [Ciencia y conducta humana] |
| 245 | 1 | 0 | |a Ciencia y conducta humana : |b una psicología científica / |c B.F. Skinner ; introd. de R. Bayés ; tr. por María Josefa Gallofré. |
| 250 | |a 2a edición | ||
| 264 | 4 | |a Barcelona, España : |b Fontanella, |c 1971, c1969 | |
| 300 | |a 415 p. | ||
| 336 | |a texto |b txt |2 rdacontenido | ||
| 337 | |a sin mediación |b n |2 rdamedio | ||
| 338 | |a volumen |b nc |2 rdasoporte | ||
| 440 | 1 | |a (Conducta Humana ; |v 3) | |
| 500 | |a Traducción de: Science and Human Behavior | ||
| 520 | |a Obra del norteamericano Burrhus Frederick Skinner (1904-1990), uno de los principales representantes del conductismo. Para Skinner el método experimental es el único criterio de cientificidad y el criterio objetivista es el paradigma de la indagación psicológica, que asume el comportamiento directamente observable desde el exterior como único objeto de la indagación misma. Publicada originalmente en 1953, esta obra era considerada por su autor, según una carta no publicada de 1967, como la mejor expresión de su postura en el campo de la psicología. | ||
| 649 | |a XX | ||
| 650 | |a Conductismo - |x Tema Principal | ||
| 650 | |a Psicología - |x Filosofía | ||
| 650 | |a Psicología - |x Teoría | ||
| 700 | |a Bayés, Ramón |e (introducción) | ||
| 910 | |a Fondo Armando Suárez Gómez | ||
| 920 | |a Impresos - Libros | ||
| 930 | |a Fondos Especiales | ||
| 905 | |a 111 | ||
| 901 | |a 0700001264 |b IT2 |c ESP |u 20250521 | ||
| 902 | |a https://opac.biblio.iteso.mx/vufind/Record/000138024 | ||